000 00682cab a2200241 4500
001 ABS47699
008 090401t1992 xxu||||| |||| 00| 0 eng d
035 _a(Sirsi) u63122
041 _aeng
100 _aO`Hare, J.
245 _aPayments into court and Calderbank offers
260 _c1992
350 _a0
490 _aNew Law Journal
_v142(6580) 11 December 1992, 1722-1723(2)
520 _aReviews the system of making payments into court and also Calderbank offers. Taxation of costs is also covered,
650 _aCALDERBANK OFFERS
650 _aLEGAL COSTS
650 _aPAYMENT
650 _aTAXATION
690 _aLAW
942 _n0
948 _c04/03/1997
999 _c39242
_d39242